Kỹ năng giao tiếp tối ưu: 24 bài học để giao tế hiệu quả trong công việc hàng ngày

Sách nói về 24 bài học ngắn gọn, súc tích hướng dẫn bạn các phương pháp giao tiếp với đồng nghiệp, quản lý, nhân viên.

Sparad:
Bibliografiska uppgifter
Huvudupphovsman: Arredondo, Lani
Materialtyp: Bok
Språk:Undetermined
Publicerad: Thành phố Hồ Chí Minh Tổng hợp thành phố Hồ Chí Minh 2008
Ämnen:
Taggar: Lägg till en tagg
Inga taggar, Lägg till första taggen!
Thư viện lưu trữ: Trung tâm Học liệu Trường Đại học Cần Thơ
LEADER 00970nam a2200217Ia 4500
001 CTU_185903
008 210402s9999 xx 000 0 und d
020 |c 25000 
082 |a 158.1 
082 |b A774 
100 |a Arredondo, Lani 
245 0 |a Kỹ năng giao tiếp tối ưu: 
245 0 |b 24 bài học để giao tế hiệu quả trong công việc hàng ngày 
245 0 |c Lani Arredondo; Dương Ngọc Dũng (người dịch) 
260 |a Thành phố Hồ Chí Minh 
260 |b Tổng hợp thành phố Hồ Chí Minh 
260 |c 2008 
520 |a Sách nói về 24 bài học ngắn gọn, súc tích hướng dẫn bạn các phương pháp giao tiếp với đồng nghiệp, quản lý, nhân viên. 
650 |a Business communication,Giao tiếp trong công việc 
910 |a Ngô Hồng Xuân 
980 |a Trung tâm Học liệu Trường Đại học Cần Thơ